000 00553nam a2200157Ia 4500
008 151213s9999 xx 000 0 und d
100 _aমোবারক হোসেন।
245 _aসংগীত প্রসঙ্গ।
_cমোবারক হোসেন।
250 _a১ম সং
260 _aঢাকা
_bবাংলাদেশ শিল্প কলা একাডেমী।
_c1980
300 _a4449 p.
650 _aBangla
650 _aসংগীত
700 _aমোবারক হোসেন।
999 _c2824
_d2824